<?xml version="1.0" encoding="UTF-8"?>
<record
    xmlns:xsi="http://www.w3.org/2001/XMLSchema-instance"
    xsi:schemaLocation="http://www.loc.gov/MARC21/slim http://www.loc.gov/standards/marcxml/schema/MARC21slim.xsd"
    xmlns="http://www.loc.gov/MARC21/slim">

  <leader>03291nam a2200565Ia 4500</leader>
  <controlfield tag="001">862</controlfield>
  <controlfield tag="008">241029s9999    xx            000 0 und d</controlfield>
  <datafield tag="010" ind1=" " ind2=" ">
    <subfield code="a">784</subfield>
  </datafield>
  <datafield tag="041" ind1=" " ind2=" ">
    <subfield code="a">Espa&#xF1;ol</subfield>
  </datafield>
  <datafield tag="082" ind1=" " ind2=" ">
    <subfield code="a">F.L.E M.A LING ES  2011 118</subfield>
  </datafield>
  <datafield tag="245" ind1=" " ind2="0">
    <subfield code="a">Manejo del enfoque funcional y comunicativo en la ense&#xF1;anza aprendizaje de la Lengua por los docentes de Primer Ciclo del Nivel Medio de la Educaci&#xF3;n P&#xFA;blica, Distrito Educativo 04-02, San Crist&#xF3;bal, R.D</subfield>
  </datafield>
  <datafield tag="260" ind1=" " ind2=" ">
    <subfield code="a">San Crist&#xF3;bal</subfield>
  </datafield>
  <datafield tag="300" ind1=" " ind2=" ">
    <subfield code="a">127</subfield>
  </datafield>
  <datafield tag="520" ind1=" " ind2=" ">
    <subfield code="a">20</subfield>
  </datafield>
  <datafield tag="630" ind1=" " ind2=" ">
    <subfield code="a">Aprendizaje</subfield>
  </datafield>
  <datafield tag="630" ind1=" " ind2=" ">
    <subfield code="a">Ense&#xF1;anza</subfield>
  </datafield>
  <datafield tag="630" ind1=" " ind2=" ">
    <subfield code="a">Lenguaje y Lenguas-Ense&#xF1;anza</subfield>
  </datafield>
  <datafield tag="630" ind1=" " ind2=" ">
    <subfield code="a">Nivel Medio</subfield>
  </datafield>
  <datafield tag="650" ind1=" " ind2=" ">
    <subfield code="a">Lengua Espa&#xF1;ola</subfield>
  </datafield>
  <datafield tag="690" ind1=" " ind2=" ">
    <subfield code="a">Elaborado</subfield>
  </datafield>
  <datafield tag="700" ind1=" " ind2=" ">
    <subfield code="e">asesor</subfield>
    <subfield code="a">De Los Santos , Julio</subfield>
  </datafield>
  <datafield tag="700" ind1=" " ind2=" ">
    <subfield code="e">autor</subfield>
    <subfield code="a">Ram&#xED;rez Arias, Wilson Diomedes</subfield>
  </datafield>
  <datafield tag="700" ind1=" " ind2=" ">
    <subfield code="e">autor</subfield>
    <subfield code="a">Cabrera Minier , Amparo</subfield>
  </datafield>
  <datafield tag="901" ind1=" " ind2=" ">
    <subfield code="a">{"1":"Ram&#xED;rez Arias","2":"Cabrera Minier "}</subfield>
    <subfield code="b">{"1":"Wilson Diomedes","2":"Amparo"}</subfield>
  </datafield>
  <datafield tag="902" ind1=" " ind2=" ">
    <subfield code="a">1</subfield>
  </datafield>
  <datafield tag="903" ind1=" " ind2=" ">
    <subfield code="a">{"1":"De Los Santos "}</subfield>
    <subfield code="b">{"1":"Julio"}</subfield>
  </datafield>
  <datafield tag="904" ind1=" " ind2=" ">
    <subfield code="a">Maestr&#xED;a en</subfield>
  </datafield>
  <datafield tag="905" ind1=" " ind2=" ">
    <subfield code="a">Ling&#xFC;&#xED;stica Aplicada</subfield>
  </datafield>
  <datafield tag="906" ind1=" " ind2=" ">
    <subfield code="a">1</subfield>
  </datafield>
  <datafield tag="907" ind1=" " ind2=" ">
    <subfield code="a">Orientada en</subfield>
  </datafield>
  <datafield tag="908" ind1=" " ind2=" ">
    <subfield code="a">Ense&#xF1;anza de la Lengua Espa&#xF1;ola</subfield>
  </datafield>
  <datafield tag="909" ind1=" " ind2=" ">
    <subfield code="a">Universidad Aut&#xF3;noma de Santo Domingo (UASD)</subfield>
  </datafield>
  <datafield tag="910" ind1=" " ind2=" ">
    <subfield code="a">NULL</subfield>
    <subfield code="b">NULL</subfield>
  </datafield>
  <datafield tag="911" ind1=" " ind2=" ">
    <subfield code="a">["1"]</subfield>
  </datafield>
  <datafield tag="912" ind1=" " ind2=" ">
    <subfield code="a">NO APLICA</subfield>
  </datafield>
  <datafield tag="913" ind1=" " ind2=" ">
    <subfield code="a">NULL</subfield>
  </datafield>
  <datafield tag="914" ind1=" " ind2=" ">
    <subfield code="a">13 de Junio de 2011</subfield>
  </datafield>
  <datafield tag="915" ind1=" " ind2=" ">
    <subfield code="a">26/09/14 11:09</subfield>
  </datafield>
  <datafield tag="916" ind1=" " ind2=" ">
    <subfield code="a">NULL</subfield>
  </datafield>
  <datafield tag="917" ind1=" " ind2=" ">
    <subfield code="a">NULL</subfield>
  </datafield>
  <datafield tag="918" ind1=" " ind2=" ">
    <subfield code="a">NO APLICA</subfield>
  </datafield>
  <datafield tag="919" ind1=" " ind2=" ">
    <subfield code="a">["18","202","130","240"]</subfield>
  </datafield>
  <datafield tag="520" ind1=" " ind2=" ">
    <subfield code="a">El prop&#xF3;sito principal de este estudio consisti&#xF3; en determinar a qu&#xE9; punto el docente de 1ro. Grado, Primer Ciclo del Nivel Medio del &#xE1;rea de lengua tiene conocimiento y maneja el Enfoque Funcional Comunicativo en el proceso de ense&#xF1;anza aprendizaje de Legua Espa&#xF1;ola en el sal&#xF3;n de clases. La investigaci&#xF3;n fue de corte descriptiva y se fundament&#xF3; en el m&#xE9;todo inductivo y deductivo. Las t&#xE9;cnicas utilizadas consistieron en: observaci&#xF3;n, encuestas y &#xA0;consultas. La investigaci&#xF3;n tuvo un universo estudiantil de 1,547 estudiantes de 14 liceos del sector p&#xFA;blico del Distrito Educativo 04-02 San Crist&#xF3;bal, de los cuales se seleccionaron 242, equivalente al 16% para constituir la muestra, 8 profesores de Lengua Espa&#xF1;ola y 6 directores/as para constituir la muestra de docentes.Los principales resultados de la investigaci&#xF3;n indican que el personal docente que imparte Lengua Espa&#xF1;ola en la escuelas bajo estudio del Distrito Escolar 04-02, de la ciudad de San Crist&#xF3;bal, en el Primer Ciclo de la Educaci&#xF3;n Media carece de una adecuada formaci&#xF3;n te&#xF3;rica ?metodol&#xF3;gica que les permita realizar una labor eficiente en la aplicaci&#xF3;n del Enfoque Funcional Comunicativo. &#xA0;El estudio recomienda &#xA0;que el Ministerio de Educaci&#xF3;n como responsable de las pol&#xED;ticas educativas y de mejorar el proceso de ense&#xF1;anza aprendizaje, debe auspiciar jornadas de capacitaci&#xF3;n a nivel de especialidades y maestr&#xED;a para los docentes de Lengua Espa&#xF1;ola, donde se trabajen los distintos m&#xE9;todos y enfoques modernos que se hacen pertinentes en este nuevo siglo de tan acelerados cambios y transformaciones que ocurren en el d&#xED;a a d&#xED;a.</subfield>
  </datafield>
  <datafield tag="921" ind1=" " ind2=" ">
    <subfield code="a">2</subfield>
  </datafield>
  <datafield tag="922" ind1=" " ind2=" ">
    <subfield code="a">2</subfield>
  </datafield>
  <datafield tag="923" ind1=" " ind2=" ">
    <subfield code="a">0</subfield>
  </datafield>
  <datafield tag="924" ind1=" " ind2=" ">
    <subfield code="a">NO APLICA</subfield>
  </datafield>
  <datafield tag="942" ind1=" " ind2=" ">
    <subfield code="c">Tesis</subfield>
  </datafield>
  <datafield tag="999" ind1=" " ind2=" ">
    <subfield code="c">784</subfield>
    <subfield code="d">784</subfield>
  </datafield>
</record>
